[Event "Alushta Rapid op"]
[Site "Alushta"]
[Date "2022.07.03"]
[Round "1"]
[White "Triapishko, Alexandr"]
[Black "Rybakova, Mariya Al"]
[Result "1-0"]
[WhiteElo "2506"]
[BlackElo "1132"]
[PlyCount "73"]
[EventDate "2022.07.03"]
[EventType "swiss (rapid)"]
[EventRounds "11"]
[EventCountry "UKR"]
[SourceTitle "CBM 209 Extra"]
[Source "ChessBase"]
[SourceDate "2022.09.30"]
[SourceVersion "1"]
[SourceVersionDate "2022.09.30"]
[SourceQuality "1"]

1. Nf3 d5 2. g3 Nf6 3. Bg2 g6 4. b3 Bg7 5. Bb2 0-0 6. 0-0 e6 7. c4 b6 8. cxd5 exd5 9. d4 Be6 10. Nc3 Nbd7 11. Rc1 a6 12. Ne5 c5 13. Nxd7 Qxd7 14. dxc5 bxc5 15. Na4 Rad8 16. Nxc5 Qb5 17. a4 Qb6 18. Bd4 Qb8 19. Nxa6 Qa8 20. Nc5 Ne4 21. Bxg7 Kxg7 22. Qd4+ Kg8 23. Nxe6 fxe6 24. Rc7 Nf6 25. Bh3 Qa6 26. Qe5 Rde8 27. Rfc1 Rf7 28. Rxf7 Kxf7 29. e3 Re7 30. Rc7 Qb6 31. Rxe7+ Kxe7 32. b4 Kf7 33. b5 Nd7 34. Qh8 Nf6 35. Qc8 Qa5 36. Qxe6+ Kg7 37. Qe7+ 1-0